Artists in the old kingdom : (Record no. 60695)
[ view plain ]
| 000 -الفاتح | |
|---|---|
| حقل البيانات ثابتة الطول | 00754nam a22002297a 4500 |
| 005 - وقت وتاريخ اخر تعامل مع التسجيلة | |
| رقم الضبط | 20240530110423.0 |
| 008 - عناصر البيانات ثابتة الطول - معلومات عامة | |
| حقل البيانات ثابتة الطول | 150315s2009 ua afolf b 001 0 eng d |
| 020 ## - الرقم الدولى المعيارى للكتب | |
| الرقم الدولى المعيارى للكتاب | 9774379853 |
| 040 ## - مصدر الفهرسة | |
| وكالة الفهرسة الأصلية | EG-CaGPL |
| وكالة النسخ | EG-CaGPL |
| 082 04 - رقم تصنيف ديوى العشرى | |
| رقم الطبعة | 21 |
| رقم التصنيف | 709.32 |
| رقم المادة | CC/N A |
| 100 0# - المدخل الرئيسى - إسم شخصى | |
| الإسم الشخصى | Naguib Kanawati |
| 245 10 - بيان العنوان | |
| العنوان | Artists in the old kingdom : |
| بقية العنوان | techniques and achievements / |
| بيان المسئوليه,etc | Naguib Kanawati , Alexandra Woods ; Zahi Hawass |
| 260 ## - PUBLICATION, DISTRIBUTION, ETC. (IMPRINT) | |
| تاريخ النشر أو التوزيع | 2009. |
| 300 ## - الوصف المادى | |
| التعداد | 261 p. : |
| تفاصيل ماديه اخرى للوعاء | col. ill. , plates ; |
| أبعاد الوعاء | 32 cm. |
| 504 ## - تبصرة ببليوجرافية | |
| تبصرة ببليوجرافية,الخ | Includes bibliographical references and index. |
| 650 0# - المدخل الاضافى بالموضوع-مصطلح موضوعى | |
| مصطلح موضوعي | Art |
| التقسيم الفرعي العام | Egyptian |
| 650 0# - المدخل الاضافى بالموضوع-مصطلح موضوعى | |
| مصطلح موضوعي | Art |
| التقسيم الفرعي العام | Classical |
| 651 0# - المدخل الاضافى بالموضوع - اسم جغرافى | |
| الاسم الجغرافي | Egypt |
| التقسيم الفرعي العام | Antiquities |
| 942 ## - عناصر المدخل الإضافي( كوها) | |
| مصدر التصنيف او مخطط الترفيف | Dewey Decimal Classification |
| Koha [default] item type | كتاب |
| 260 ## - PUBLICATION, DISTRIBUTION, ETC. (IMPRINT) | |
| -- | Cairo : |
| -- | The Supreme Council of Antiquities , |
| حالة التراجع | حالة الفقد | مصدر التصنيف او خطة الترفيف | حالة تلف | ليس للاعارة | المكان المؤقت | الموقع الحالى | تاريخ الاكتساب | اجمالي اﻻعارات | رقم الطلب | الباركود | تاريخ اخر مشاهدة | تاريخ تفعيل السعر | نوع وعاء كوها |
|---|---|---|---|---|---|---|---|---|---|---|---|---|---|
| ddc | مكتبة القاهرة الكبرى | مكتبة القاهرة الكبرى | 03/15/2015 | 709.32 CC/N A | 159797 | 03/15/2015 | 03/15/2015 | كتاب |

